000 00410nam a2200133Ia 4500
008 100328s9999 xx 000 0 und d
082 _b31554
100 _aकुलकर्णी अनिल
245 _aऐलतीर पैलतीर
260 _bविश्वमोहिनी
630 _aऐलतीर पैलतीर
730 _aऐलतीर पैलतीर
942 _cBOOK
999 _c522420
_d522417